| 000 | 00466nam a2200181Ia 4500 | ||
|---|---|---|---|
| 001 | 3372 | ||
| 005 | 20260306145638.0 | ||
| 008 | 260306t1985||||xx |||||||||||||| ||spa|| | ||
| 041 | _aESP | ||
| 082 |
_a270.1 _bP59 |
||
| 100 |
_aPiñero Carrión, José María _eAUT |
||
| 245 | 0 |
_aLa ley de la iglesia: _bresumen sencillo y completo del derecho de la Iglesia |
|
| 260 | _c1985 | ||
| 300 |
_a _c21cm. |
||
| 650 | _aGEN | ||
| 654 | _aCHU | ||
| 942 |
_cLIB _dJUS _fJUS _2ddc _n |
||
| 999 |
_c3372 _d3372 |
||